Birse Construction Ltd v Haiste Ltd, Watson and Others (Third Parties) (Record no. 10223)
[ view plain ]
| 000 -LEADER | |
|---|---|
| fixed length control field | 01354cab a2200253 4500 |
| 001 - CONTROL NUMBER | |
| control field | ABS55299 |
| 008 - FIXED-LENGTH DATA ELEMENTS--GENERAL INFORMATION | |
| fixed length control field | 090401t1995 xxu||||| |||| 00| 0 eng d |
| 035 ## - SYSTEM CONTROL NUMBER | |
| System control number | (Sirsi) u15567 |
| 041 ## - LANGUAGE CODE | |
| Language code of text/sound track or separate title | eng |
| 245 ## - TITLE STATEMENT | |
| Title | Birse Construction Ltd v Haiste Ltd, Watson and Others (Third Parties) |
| 260 ## - PUBLICATION, DISTRIBUTION, ETC. | |
| Date of publication, distribution, etc. | 1995 |
| 350 ## - PRICE (NR) (BK AM CF MU VM SE) [OBSOLETE] | |
| Price | 0 |
| 490 ## - SERIES STATEMENT | |
| Series statement | Weekly Law Reports |
| Volume/sequential designation | (1995) 1 WLR 675-683 (9) |
| 520 ## - SUMMARY, ETC. | |
| Summary, etc. | CA 5 December 1995. A water authority (A) contracted with B for the design and construction of a reservoir. B retained H as a consulting engineer and a third party (X) was employed by A to issue all necessary certificates. Resrvoir was found to be defective and B agreed to construct a new one at its own expense. B then sued H who in turn claimed contribution from X. X appealed. "Held" that `the same damage` referred to in the Civil Liability (Contribution) Act 1978 s1 was the damage suffered by the person to whom the party seeking contribution was liable. Accordingly, H had no right to contribution from X. Appeal allowed. |
| 650 ## - SUBJECT ADDED ENTRY--TOPICAL TERM | |
| Topical term or geographic name entry element | BIRSE CONSTRUCTION LTD V HAISTE LTD AND OTHERS |
| 650 ## - SUBJECT ADDED ENTRY--TOPICAL TERM | |
| Topical term or geographic name entry element | CIVIL LIABILITY (CONTRIBUTION) ACT 1978 S1 |
| 650 ## - SUBJECT ADDED ENTRY--TOPICAL TERM | |
| Topical term or geographic name entry element | DESIGN AND BUILD CONTRACT |
| 650 ## - SUBJECT ADDED ENTRY--TOPICAL TERM | |
| Topical term or geographic name entry element | LIABILITY |
| 650 ## - SUBJECT ADDED ENTRY--TOPICAL TERM | |
| Topical term or geographic name entry element | RESERVOIRS |
| 650 ## - SUBJECT ADDED ENTRY--TOPICAL TERM | |
| Topical term or geographic name entry element | SAME DAMAGE |
| 690 ## - LOCAL SUBJECT ADDED ENTRY--TOPICAL TERM (OCLC, RLIN) | |
| Topical term or geographic name as entry element | BUILDING AND CONSTRUCTION-CASE LAW |
| 942 ## - ADDED ENTRY ELEMENTS (KOHA) | |
| Suppress in OPAC | 0 |
| 948 ## - LOCAL PROCESSING INFORMATION (OCLC); SERIES PART DESIGNATOR (RLIN) | |
| c (OCLC) | 04/03/1997 |
| Withdrawn status | Lost status | Source of classification or shelving scheme | Damaged status | Not for loan | Home library | Current library | Shelving location | Date acquired | Total Checkouts | Full call number | Barcode | Date last seen | Copy number | Price effective from | Koha item type |
|---|---|---|---|---|---|---|---|---|---|---|---|---|---|---|---|
| Dewey Decimal Classification | London | London | Journal article | 14/09/1999 | ABS55299 | 15567-1001 | 06/08/2019 | 1 | 06/08/2019 | Law report |